000 00820nam a2200217Ia 4500
003 GCL
008 140319s9999 xx 000 0 ara d
040 _aGCL /
_cGCL
082 0 4 _aم
_b235.03
_bد م
100 1 _aمالك بن انس
245 1 0 _aالمعجم المفهرس لالفاظ الحديث النبوى :
_bعن الكتب الستة وعن مسند الدرامى وموطا مالك ومسند احمد بن حنبل /
_cمالك بن انس
700 1 _aاحمد بن حنبل
700 1 _aالدرامى , محمد عبدالله عبدالر
260 _aتركيا :
_bدار الدعوة ،
_c1987
300 _a545 ص ؛
_c30 سم
650 0 4 _aالاسلام
650 0 4 _aالحديث
650 0 4 _aالمعاجم
650 0 4 _aالكتب الستة للحديث
942 _2ddc
_cREF
999 _c59533
_d59533